000
00308 a2200145 4500
001
123332
020
_a
9782011559036
040
_c
Escola Canadense de Niteroi
100
_a
Denisot, Hugues
245
1
0
_a
Les Loustics 1
362
0
_a
2013
490
0
_a
Les Loustics
650
4
_a
Francês
942
_c
BK
999
_c
123332
_d
123332